| 000 | 00956cam a22002771 4500 | ||
|---|---|---|---|
| 001 | 1308 | ||
| 005 | 20230814114148.0 | ||
| 008 | 720501s1965 nyua j 000 1 eng | ||
| 040 |
_aDLC _cODaWU _dOCoLC _dInE _dWaChenE _dCStrNB _dOCoLC _dTCollA _dMoIM _dDLC _beng |
||
| 050 | 0 | 0 |
_aPZ7.B64265 _bCar |
| 082 | _a813.54 | ||
| 100 | 1 |
_aBonsall, Crosby, _d1921-1995. |
|
| 245 | 1 | 4 |
_aThe case of the cat's meow, _cby Crosby Bonsall. |
| 260 |
_aNew York : _bHarperCollins _c1965 |
||
| 300 |
_a64 pages : _bcolor illustrations ; _c22 cm |
||
| 490 | _3An I can read book | ||
| 505 | _aH | ||
| 520 | _aThe four members of the Private Eyes Club--Skinny, Wizard, Snitch, and Tubby--solve the baffling case of the missing cat. | ||
| 521 |
_a480
_bLexile |
||
| 521 |
_aH
_bRaz-Plus |
||
| 650 | 0 |
_aCats _xFiction. |
|
| 650 | 1 |
_aCats _xFiction. |
|
| 650 | 1 | _aMystery and detective stories. | |
| 906 |
_a7 _bcbc _coclcrpl _du _encip _f19 _gy-gencatlg |
||
| 942 |
_2ddc _cBK _n0 |
||
| 999 |
_c1308 _d1308 |
||